书目信息 |
| 题名: |
日本美人画
|
|
| 作者: | ;卓民 译 ;江苏美术出版社 编 | |
| 分册: | ||
| 出版信息: | 南京 江苏美术出版社 2003 |
|
| 页数: | 127页 | |
| 开本: | 29cm | |
| 丛书名: | ||
| 单 册: | ||
| 中图分类: | J232(313) | |
| 科图分类: | ||
| 主题词: | 日本画--人物画--日本 | |
| 电子资源: | ||
| ISBN: | 7-5344-1576-4 | |
| 000 | 00721nam0 2200229 45 | |
| 001 | 002523825 | |
| 005 | 20050110164159.4 | |
| 010 | @a7-5344-1576-4@b精装@dCNY80.00 | |
| 100 | @a20031209d2003 em y0chiy0110 ea | |
| 101 | 1 | @achi@cjpn |
| 102 | @aCN@b320000 | |
| 105 | @aa z 000yy | |
| 200 | 1 | @a日本美人画@Ari ben mei ren hua@e素月流天@ESu Yue Liu Tian@f江苏美术出版社编@FJiang Su Mei Shu Chu Ban She Bian@g卓民译 |
| 210 | @a南京@c江苏美术出版社@d2003 | |
| 215 | @a127页@d29cm | |
| 517 | @a素月流天@ASu Yue Liu Tian | |
| 606 | 0 | @a日本画@x人物画@y日本 |
| 690 | @aJ232(313)@v4 | |
| 702 | 0 | @a卓民@AZhuo Min@4译 |
| 711 | 02 | @a江苏美术出版社@4编 |
| 801 | 0 | @aCN@bNLC@c20040216 |
| 905 | @b342138-139@dJ232(313)@e44@f2 | |
| 日本美人画:素月流天/江苏美术出版社编/卓民译.-南京:江苏美术出版社,2003 |
| 127页;29cm |
| ISBN 7-5344-1576-4(精装):CNY80.00 |
| ● |
| 相关链接 |
|
|
|
|
正题名:日本美人画
索取号:J232(313)/44
 
预约/预借
| 序号 | 登录号 | 条形码 | 馆藏地/架位号 | 状态 | 备注 |
| 1 | 0342138 | 203421387 | 第一样本阅览室/ [索取号:J232(313)/44] | 在馆 | |
| 2 | 0342139 | 203421396 | 第一借阅区/ [索取号:J232(313)/44] | 在馆 |